00843cam a2200217 a 450000100100000000500170001000800410002704000250006808200180009324501150011126000510022630000210027749000260029865000430032465000310036770000450039883000340044304900090047795201220048699900170060800002501520200930023517.0901219s1968 sp 000 p spa d aDO-SdBNPbspacBNPHU a808.81bP745m00aPoesía mariana medieval :bantología /cintroducción , selección y notas de Joaquín Benito de Lucas. aMadrid, (España) :bTaurus Ediciones,c1968. a150 p. ;c18 cm.1 aTemas de Españav72 4aPoesía españolaxColecciones93395 4aLiteratura española96321 aBenito de Lucas, Joaquíneintr.951328 0aTemas de España ;v7296849 aBNGR 001054708MOaGRbGRcCTd2011-02-08iLF1l0o808.81 P745mp25015-10r2020-06-25w2020-06-25y4ZPréstamo en sala c24508d24508